000 00430nam a22001697a 4500
003 NUST - PNEC
005 20170116181142.0
008 151008b xxu||||| |||| 00| 0 eng d
020 _a0023255900
040 _cLIBRARY
082 _a629.892 CRI
100 _914740
_aCritchlow, Arthur J.
245 _aIntroduction to robotics
_cArthur J. Critchlow
260 _cc.1985
650 _914741
_aRobotics
_xMIS
942 _2ddc
_cBK
999 _c70532
_d70532